| 000 | 01080nam a2200313 a 4500 | ||
|---|---|---|---|
| 999 |
_c446980 _d446980 |
||
| 003 | BLK | ||
| 005 | 20230808085125.0 | ||
| 008 | 180408b bul|||||r ||||||| ||bul|| | ||
| 040 | _aBLK | ||
| 041 |
_aBUL _cBUL |
||
| 080 |
_aФутбол _b796.332 _x:061.25(497.2)(062) _z796.332:061.25(497.2)(062) |
||
| 139 |
_aОкръжна отчетно-изборна конференция, първа _bО 47 |
||
| 245 | 1 | 0 |
_aОкръжна отчетно-изборна конференция, първа _bПредложение за дневен ред, регламент и помощни органи |
| 257 | _aBGR | ||
| 260 |
_aРусе _c1987 |
||
| 300 |
_a7 с. _c20 см |
||
| 380 | _a79 | ||
| 500 | _aИзд. на БФС и Окр. съвет Русе | ||
| 653 | _aфутбол | ||
| 653 | 0 |
_aпрограма _9471146 |
|
| 653 | 7 |
_aобластна конференция _9192521 |
|
| 852 |
_bК _cК 796/799/О 47 |
||
| 856 | 4 | _qpdf | |
| 856 | 4 | _qpdf | |
| 942 |
_cKNG _n0 _s1 _01 |
||
| 944 |
_aCR _c2022-03-02 _k30570 _lМоника Янева |
||
| 999 | _d446980 | ||
| 999 | _d446980 | ||